Využitie štandardu 802.11 v Internete vecí

Saved in:
Bibliographic Details
Main Author: Lang, Tomáš Samuel (Author)
Other Authors: Bencel, Rastislav (Thesis advisor)
Format: Manuscript Book
Language:Slovak
Published: 2019
Subjects:
Online Access:http://is.stuba.sk/zp/portal_zp.pl?podrobnosti=134877
Tags: Add Tag
No Tags, Be the first to tag this record!

MARC

LEADER 00000ntm a22000003a 4500
001 stuzp75070
003 SK-STU
005 20190725110430.8
007 ta
008 150427s2015----xo-----f-mn---000-0-slo-d
040 |a STU  |b slo 
041 0 |a slo 
044 |a xo 
100 1 |a Lang, Tomáš Samuel  |u 070400  |4 aut  |U FIIT Fakulta informatiky a informačných technológií  |T FIIT Ústav počítačového inžinierstva a aplikovanej informatiky  |X 85927  |U I400  |Y 672  |7 85927 
242 0 1 |a Usage of IEEE 802.11 standard in internet of things  |y eng 
245 1 0 |a Využitie štandardu 802.11 v Internete vecí 
260 |c 2019 
300 |e Neobsahuje CD-rom 
650 4 |a IoT  |2 slo 
650 4 |a 802.11  |2 slo 
650 4 |a Inteligentne mesto  |2 slo 
650 4 |a IoT  |2 eng 
650 4 |a 802.11  |2 eng 
650 4 |a Smart city  |2 eng 
700 1 |a Bencel, Rastislav  |u 070400  |k Z1  |4 ths  |U FIIT Fakulta informatiky a informačných technológií  |T FIIT Ústav počítačového inžinierstva a aplikovanej informatiky  |X 64492  |U I400  |Y 672  |7 64492 
856 4 |u http://is.stuba.sk/zp/portal_zp.pl?podrobnosti=134877 
996 |b IZP20180330  |c I*BAP50/19  |l II680  |s P  |a 0  |w stuzp75070_0001